| 000 | 01041nam a2200289 i 4500 | ||
|---|---|---|---|
| 001 | 184035 | ||
| 003 | ES-MaACL | ||
| 005 | 20231115152210.0 | ||
| 008 | 150224s2012 sp | |||||||| | spa d | ||
| 020 | _a978-84-234-1295-2 | ||
| 080 | _a338.124(460)"2008/..." | ||
| 080 | _a338.2(460)"2011/..." | ||
| 080 | _a338.2(4-672 UE) | ||
| 245 | 0 | 0 |
_aNo es economía, es ideología : _bque no nos roben las palabras / _cEconomistas Frente a la Crisis. |
| 250 | _a1ª ed. | ||
| 260 |
_a[Barcelona] : _bDeusto, _c2012. |
||
| 300 |
_a267 p. ; _c20 cm. |
||
| 610 | 2 |
_aUnión Europea- _xPolítica económica. _97027 |
|
| 650 | 4 |
_aCrisis económicas- _y2008- _zEspaña. _9154148 |
|
| 651 | 4 |
_aEspaña- _xPolítica económica- _y2011- _9156430 |
|
| 710 | 2 |
_aEconomistas Frente a la Crisis. _9156431 |
|
| 852 |
_aES-MaACL _jA-13424 _9191001 _bR.150236 _cDEPO1 _dOlim: N-6424 _hDonacion: Domenec Ruiz Devesa |
||
| 903 |
_9234303 _aRuiz Devesa, Domènec _ednr |
||
| 942 |
_2udc _cMONOGRAFIA |
||
| 999 |
_c184035 _d184035 |
||